The kind-hearted crocodile
| Main Author: | |
|---|---|
| Format: | Book |
| Published: |
Petaling Jaya :
Pustaka Siswa Moden ,
1996
|
| Series: | The fantasy world of Jefri
|
| Subjects: |
MARC
| LEADER | 00000cam a2200000 7i4500 | ||
|---|---|---|---|
| 001 | 0000008258 | ||
| 002 | 000009004 | ||
| 005 | 20080401.0 | ||
| 020 | |a 9839810790 | ||
| 090 | 0 | 0 | |a JF |b PUI |
| 100 | 1 | |a Pui, Priscillia | |
| 245 | 1 | 4 | |a The kind-hearted crocodile |c Priscillia Pui |
| 260 | |a Petaling Jaya : |b Pustaka Siswa Moden , |c 1996 | ||
| 300 | |a 14p. : |b ill. ; |c 22cm. | ||
| 490 | 0 | |a The fantasy world of Jefri | |
| 650 | 0 | 0 | |a Children's stories |
| 999 | |a 049947 |b BUKU |c PINJAMAN |e PERPUSTAKAAN KOMUNITI PETALING JAYA | ||